000 00386cam a22001097a 4500
008 180718b1962 xxu||||| |||| 00| 0 eng d
082 _aB71103x5422 A
100 _aMadhya Pradesh. Law Department
245 _aThe Madhya Pradesh panchayats act, 1962 as amended by the Madhya Pradesh pachayats amendment act, 1962 (no. 18 of 1962)
260 _aBhopal
_bThe author
_c1962
300 _a159+p.
999 _c488570
_d488570